Principles of microbiology / (Record no. 517)
[ view plain ]
| 000 -LEADER | |
|---|---|
| fixed length control field | 00399pam a2200145 a 4500 |
| 020 ## - INTERNATIONAL STANDARD BOOK NUMBER | |
| ISBN | 0801677904 |
| 050 00 - CALL NUMBER | |
| Classification number | QR41.2 |
| Item number | .A843 |
| 100 1# - AUTHOR | |
| Personal name | Atlas, Ronald M., |
| 245 10 - TITLE | |
| Title | Principles of microbiology / |
| Statement of responsibility, etc | Ronald M. Atlas. |
| 260 ## - PUBLICATION INFORMATION | |
| Place of publication | St. Louis : |
| Name of publisher | Mosby, |
| Year of publication | c1995. |
| 300 ## - DESCRIPTION | |
| Number of Pages | xxii, 888 p. : |
| Other physical details | ill. (some col.), col. maps ; |
| Dimensions | 29 cm. |
| 500 ## - NOTES | |
| General note | includes index |
| 650 #0 - SUBJECTS | |
| Topical Term | Microbiology. |
| 942 ## - ADDED ENTRY ELEMENTS (KOHA) | |
| Koha item type | Books |
| Withdrawn status | Lost status | Home library | Current library | Date acquired | Full call number | Accession Number | Koha item type |
|---|---|---|---|---|---|---|---|
| Methodist University Library Wenchi Faculty | Methodist University Library Wenchi Faculty | 27/10/2017 | QR41.2 .A843 | 19759 | Books | ||
| Methodist University Library Wenchi Faculty | Methodist University Library Wenchi Faculty | 27/10/2017 | QR41.2 .A843 | 19654 | Books | ||
| Methodist University Library Wenchi Faculty | Methodist University Library Wenchi Faculty | 27/10/2017 | QR41.2 .A843 | 19889 | Books | ||
| Methodist University Library Wenchi Faculty | Methodist University Library Wenchi Faculty | 27/10/2017 | QR41.2 .A843 | 19715 | Books | ||
| Methodist University Library Wenchi Faculty | Methodist University Library Wenchi Faculty | 27/10/2017 | QR41.2 .A843 | 34951 | Books | ||
| Methodist University Library Wenchi Faculty | Methodist University Library Wenchi Faculty | 27/10/2017 | QR41.2 .A843 | 19710 | Books | ||
| Methodist University Library Wenchi Nursing | Methodist University Library Wenchi Nursing | 27/10/2021 | QR41.2 .A843 | 7222 | Books |